00738nam a2200145 i 4500001000700000003000900007005001700016008004100033245019700074260007100271300002200342852008300364999001900447952012600466184900ES-MaACL20230906222313.0160217s1886 sp |||| | spa d03aEl Indicador de nuevas bases de regimen social ó el pueblo feliz (en teoria) b: obra escrita para la practica / cpor un amante de la Civilizacion y felicidad humanas [J. David Pérez M.]. aMadrid : b[s.n.], c1886 (fImp. de Ramon Moreno y Ricardo Rojas) a299 p. ; c21 cm. aES-MaACLjG-12525 z.- Dedicatoria autógrafa del autor "J. David Pérez M." c184900d184900 001040708LIBXIXaATENEOMbATENEOMcSPP3d2016-02-17eDONl0oG-12525p1194743r2023-02-23 00:00:00w2023-02-23yMONANT